00581nam a2200193Ia 4500003000900000008004100009020001800050040001600068080001500084245009200099260003200191300001700223650001900240650002700259650002600286650002100312700002600333700002800359IN-BaIIA211028s9999 xx 000 0 eng d a0-07-016218-2 cIIA Library a624.2bTIM 0aTime-Saver standards for building typescedited by Joseph De Chiara and J. H. Callender aNew YorkbMcGraw-Hillc1973 axiii, 1065p. a Architecture a Building materials  a Civil engineering  aNASA thesaurus  aCallender, J. H., ed. aDe Chiara, Joseph., ed.